00450nam a22001457a 4500003000400000008004100004020001800045082001500063100003100078245006000109250001500169260003200184300005700216650003100273OSt200320b ||||| |||| 00| 0 eng d a9789383635122 a615.14 GOP aGowda, Panehaksharappa.D.H aPharmaceutical Mathematics with Application to Pharmacy a4th (2018) aNew DelhibPharma Med Press a305 Pages, Paperback, Dimensions: 23.8 x 18 x 0.2 cm aMathematica and Statistics